| 000 | 01107nam a2200241Ia 4500 | ||
|---|---|---|---|
| 001 | 15724 | ||
| 003 | GE_BSU | ||
| 008 | 181216s||||||||xx |||||||||||||| ||und|| | ||
| 040 | _cGE_BSU | ||
| 080 | _a821.353.1-2 + 82=03 | ||
| 100 | _aწერეთელი, ა. | ||
| 245 | _aთხზულებათა სრული კრებული : 15 ტომად. ტ.10 | ||
| 245 | _bდრამატიული ნაწერები, თარგმანები | ||
| 245 | _cტომის რედ.: ი. გრიშაშვილი.სარედ. კოლ. გ. აბზიანიძე. მხ. დ. და ვლ. ქუთათელაძეები | ||
| 260 | _aთბილისი | ||
| 260 | _bსაბჭ. საქართველო | ||
| 260 | _c1959 | ||
| 300 | _a458 გვ..20 სმ | ||
| 300 | _eშენიშვნები გვ.429-456 | ||
| 653 | _aდრამატიული ნაწერები, თარგმანები | ||
| 653 | _aთხზულებათა სრული კრებული | ||
| 942 | _cBK | ||
| 999 |
_c48822 _d48822 |
||